Schnelle Mathematik - Zahlen im Hexadezimalsystem Level 06 - Statistiken

Allgemein
  • Dieses Quiz wurde 75 mal gespielt
  • Das Durchschnittsergebnis liegt bei 13 aus 20
Antwortstatistiken
Zahl Zahl % Korrekt
0 0
100%
0 0
100%
1 1
100%
2 2
100%
2 2
100%
4 4
100%
4 4
100%
4 4
100%
4 4
100%
6 6
100%
6 6
100%
7 7
100%
8 8
100%
8 8
100%
9 9
100%
A A
100%
E E
100%
E E
100%
E E
100%
F F
100%
0 0
90%
2 2
86%
1 1
83%
7 7
83%
1 1
80%
2 2
80%
3 3
80%
5 5
80%
6 6
80%
A A
80%
A A
80%
C C
78%
0 0
75%
1 1
75%
3 3
75%
3 3
75%
3 3
75%
4 4
75%
6 6
75%
9 9
75%
9 9
75%
B B
75%
B B
75%
C C
75%
C C
75%
F F
75%
5 5
71%
9 9
71%
A A
71%
5 5
67%
8 8
67%
9 9
67%
B B
67%
B B
67%
C C
67%
D D
67%
D D
67%
F F
67%
1 1
60%
3 3
60%
5 5
60%
5 5
60%
7 7
60%
A A
60%
A A
60%
B B
60%
E E
60%
E E
60%
5 5
57%
0 0
50%
2 2
50%
3 3
50%
6 6
50%
6 6
50%
C C
50%
C C
50%
D D
50%
E E
50%
F F
50%
F F
50%
8 8
44%
2 2
40%
4 4
40%
7 7
40%
8 8
40%
9 9
40%
B B
40%
1 1
33%
7 7
33%
D D
33%
F F
33%
D D
30%
0 0
20%
8 8
20%
D D
20%
7 7
0%
Keine übereinstimmenden Quizze gefunden
Verteilung der Resultate
Anzahl Personen mit jedem Resultat
Perzentil nach korrekt beantworteten Fragen
Ihre Resultats-Entwicklung
Sie haben dieses Quiz noch nicht gespielt